书目信息 |
| 题名: |
房屋建筑学
|
|
| 作者: | 金虹 主编 | |
| 分册: | ||
| 出版信息: | 北京 机械工业出版社 2020.03 |
|
| 页数: | 335页 | |
| 开本: | 26cm | |
| 丛书名: | 面向可持续发展的土建类工程教育丛书 | |
| 单 册: | ||
| 中图分类: | TU22 | |
| 科图分类: | ||
| 主题词: | 房屋建筑学--fang wu jian zhu xue | |
| 电子资源: | ||
| ISBN: | 978-7-111-64471-2 | |
| 000 | 01276nam 2200289 450 | |
| 001 | 2071449441 | |
| 005 | 20201107195057.09 | |
| 010 | @a978-7-111-64471-2@dCNY59.00 | |
| 100 | @a20200428d2020 em y0chiy50 ea | |
| 101 | 0 | @achi |
| 102 | @aCN@b110000 | |
| 105 | @aa a 000yy | |
| 200 | 1 | @a房屋建筑学@Afang wu jian zhu xue@f主编金虹 |
| 210 | @a北京@c机械工业出版社@d2020.03 | |
| 215 | @a335页@c图@d26cm | |
| 225 | 2 | @a面向可持续发展的土建类工程教育丛书@Amian xiang ke chi xu fa zhan de tu jian lei gong cheng jiao yu cong shu |
| 300 | @a“十三五”国家重点出版物出版规划项目 | |
| 312 | @a英文题名取自封面 | |
| 320 | @a有书目 (第335页) | |
| 330 | @a本书依据现行国家标准和相关的法规、政策, 结合当代建筑技术的最新成果, 系统介绍了民用建筑的平面设计, 剖面设计, 建筑体型和立面设计等内容。全书共分14章, 主要内容包括: 绪论、建筑平面设计、建筑剖面设计、建筑体型与立面设计、民用建筑构造概论、基础和地下室、墙体、楼 (板) 层、地层、楼梯、台阶、坡道、屋面、门窗、变形缝、装配式建筑构造, 工业建筑设计概述。 | |
| 410 | 0 | @12001 @a面向可持续发展的土建类工程教育丛书 |
| 510 | 1 | @aBuiding architecture@zeng |
| 606 | 0 | @a房屋建筑学@Afang wu jian zhu xue |
| 690 | @aTU22@v5 | |
| 701 | 0 | @a金虹@Ajin hong@4主编 |
| 801 | 0 | @aCN@b人天书店@c20200929 |
| 905 | @aZUCC@dTU22@eJ772 | |
| 房屋建筑学/主编金虹.-北京:机械工业出版社,2020.03 |
| 335页:图;26cm.-(面向可持续发展的土建类工程教育丛书) |
| “十三五”国家重点出版物出版规划项目 |
| ISBN 978-7-111-64471-2:CNY59.00 |
| 本书依据现行国家标准和相关的法规、政策, 结合当代建筑技术的最新成果, 系统介绍了民用建筑的平面设计, 剖面设计, 建筑体型和立面设计等内容。全书共分14章, 主要内容包括: 绪论、建筑平面设计、建筑剖面设计、建筑体型与立面设计、民用建筑构造概论、基础和地下室、墙体、楼 (板) 层、地层、楼梯、台阶、坡道、屋面、门窗、变形缝、装配式建筑构造, 工业建筑设计概述。 |
| ● |
| 相关链接 |
|
|
|
正题名:房屋建筑学
索取号:TU22/J772
 
预约/预借
| 序号 | 登录号 | 条形码 | 馆藏地/架位号 | 状态 | 备注 |
| 1 | 1486821 | 214868213 | 建筑库101/101建筑库 45排5列5层/ [索取号:TU22/J772] | 在馆 | |
| 2 | 1486822 | 214868222 | 建筑库101/101建筑库 45排5列5层/ [索取号:TU22/J772] | 在馆 |